Pengetahuan kenegaraan Malaysia

Bibliographic Details
Main Author: Tengku Anuar
Format: Book
Published: Kuala Lumpur : Nurin Enterprise , 1990
Edition:Edisi kelima
Subjects:

MARC

LEADER 00000cam a2200000 7i4500
001 0000005906
002 000006381
005 20000330.0
020 |a T000000512 
090 0 0 |a 320.9595   |b TEN 
100 0 |a Tengku Anuar 
245 1 0 |a Pengetahuan kenegaraan Malaysia   |c Tengku Anuar 
250 |a Edisi kelima 
260 |a Kuala Lumpur :   |b Nurin Enterprise ,   |c 1990 
300 |a 194p. :   |b ill ;   |c 21cm. 
651 0 |a Malaysia   |x Economic policy 
651 0 |a Malaysia   |x Politics and government 
999 |a 033999   |b BUKU   |c MALAYSIANA   |e PERPUSTAKAAN KOMUNITI PETALING JAYA 
999 |a 086894   |b BUKU   |c MALAYSIANA   |e PERPUSTAKAAN KOMUNITI PETALING JAYA